Catálogo
 En Linea

Los aportes de Grecia a la democracia / (Registro nro. 29286)

Detalles MARC
000 -CABECERA
campo de control de longitud fija 01003nam a2200301 i 4500
001 - NÚMERO DE CONTROL
campo de control 000029794
003 - IDENTIFICADOR DEL NÚMERO DE CONTROL
campo de control DO-SdBNP
005 - FECHA Y HORA DE LA ÚLTIMA TRANSACCIÓN
campo de control 20251106123659.0
007 - CAMPO FIJO DE DESCRIPCIÓN FÍSICA--INFORMACIÓN GENERAL
campo de control de longitud fija ta
008 - DATOS DE LONGITUD FIJA--INFORMACIÓN GENERAL
campo de control de longitud fija 110426s20uu dr 000 0 spa d
040 ## - FUENTE DE LA CATALOGACIÓN
Centro catalogador/agencia de origen DO-SdBNP
Lengua de catalogación spa
Centro/agencia transcriptor BNPHU
Normas de descripción rda
041 ## - CÓDIGO DE LENGUA
Código de lengua del texto/banda sonora o título independiente spa
082 ## - NÚMERO DE LA CLASIFICACIÓN DECIMAL DEWEY
Número de clasificación xxx
Número de documento/Ítem F718a
Número de edición 22
100 1# - ENTRADA PRINCIPAL--NOMBRE DE PERSONA
Nombre de persona Forestieri S., Rolando
Término indicativo de función/relación autor
9 (RLIN) 56547
245 14 - MENCIÓN DE TÍTULO
Título Los aportes de Grecia a la democracia /
Mención de responsabilidad, etc. Rolando Forestieri s.
264 ## - PRODUCCIÓN, PUBLICACIÓN, DISTRIBUCIÓN, FABRICACIÓN Y COPYRIGHT
Producción, publicación, distribución, fabricación y copyright [Santo Domingo ] :
Nombre del de productor, editor, distribuidor, fabricante Sociedad Dominicana de Estudios Helénisticos,
Fecha de producción, publicación, distribución, fabricación o copyright [200?].
300 ## - DESCRIPCIÓN FÍSICA
Extensión 36 páginas ;
Dimensiones 21 cm.
336 ## - TIPO DE CONTENIDO
Término de tipo de contenido rdacontent
Código de tipo de contenido texto
Fuente txt
337 ## - TIPO DE MEDIO
Nombre/término del tipo de medio rdamedia
Código del tipo de medio sin mediación
Fuente n
338 ## - TIPO DE SOPORTE
Nombre/término del tipo de soporte rdacarrier
Código del tipo de soporte volumen
Fuente nc
490 ## - MENCIÓN DE SERIE
Mención de serie Monografía
Designación de volumen o secuencia 1
Mención de serie recordando a los griegos
500 ## - NOTA GENERAL
Nota general Ciclo de conferencias sobre la vida y la cultura del pueblo griego
504 ## - NOTA DE BIBLIOGRAFÍA, ETC.
Nota de bibliografía, etc. Bibliografía : página 36
590 ## - NOTA LOCAL (RLIN)
Nota local Inventariado,. 2025/DG
830 #0 - PUNTO DE ACCESO ADICIONAL DE SERIE-TÍTULO UNIFORME
Título uniforme Monografía
Designación de volumen o secuencia 1
Nombre de parte o sección de la obra recordando a los griegos
9 (RLIN) 56548
910 ## - DATOS DE OPCIÓN DEL USUARIO (OCLC)
Datos de opción del usuario DG
942 ## - ELEMENTOS DE PUNTO DE ACCESO ADICIONAL (KOHA)
Fuente del sistema de clasificación o colocación Dewey Decimal Classification
Tipo de ítem Koha Folleto
Existencias
Estado de retiro Estado de pérdida Fuente del sistema de clasificación o colocación Restricciones de uso No para préstamo Código de colección Localización permanente Ubicación/localización actual Ubicación en estantería Fecha de adquisición Total de préstamos Signatura topográfica completa Código de barras Fecha visto por última vez Número de copia Precio válido a partir de Tipo de ítem Koha
    Dewey Decimal Classification Préstamo en sala   Dominicana de Servicio Biblioteca Nacional Pedro Henríquez Ureña Biblioteca Nacional Pedro Henríquez Ureña En catalogación 26.04.2011   BNPHU DS F718 29794-20 25.06.2020 e. 2 25.06.2020 Folleto
    Dewey Decimal Classification Excluido de préstamo   Patrimonio Dominicano Biblioteca Nacional Pedro Henríquez Ureña Biblioteca Nacional Pedro Henríquez Ureña En catalogación 26.04.2011   BNPHU PD F718 29794-10 25.06.2020   25.06.2020 Folleto
    Dewey Decimal Classification Excluido de préstamo   Patrimonio Dominicano Biblioteca Nacional Pedro Henríquez Ureña Biblioteca Nacional Pedro Henríquez Ureña En catalogación 26.04.2011   BNPHU PD F718 29794-30 25.06.2020 e. 3 25.06.2020 Folleto

Con tecnología Koha